Psicología aplicada al balonmano

محفوظ في:
التفاصيل البيبلوغرافية
المؤلفون الرئيسيون: Pérez Guillorme, Ana Cruz (مؤلف), Gerona Salaet, Toni (مؤلف)
التنسيق: كتاب
اللغة:الإسبانية
منشور في: Barcelona Paidotribo 2008
الطبعة:1a. ed
الموضوعات:
الوسوم: إضافة وسم
لا توجد وسوم, كن أول من يضع وسما على هذه التسجيلة!

MARC

LEADER 00000nam a2200000 a 4500
001 UCG3228
003 CL-VaPUC
008 100819e20080000SP |||||||||||||||||spa|d
020 |a 9788480199780 
082 0 4 |a 796.312  |b PER  |2 21 
100 0 |a Pérez Guillorme, Ana Cruz  |e author  |9 552178 
700 0 |a Gerona Salaet, Toni  |e author  |9 552179 
245 1 0 |a Psicología aplicada al balonmano 
250 |a 1a. ed 
300 |a 170 p 
942 |c BK 
945 |d 20100819 00:00:00  |a mfarfan 
260 |a Barcelona  |b Paidotribo  |c 2008 
650 7 |a BALONMANO  |2 CL-VaPUC  |9 552180 
650 7 |a HANDBALL  |2 CL-VaPUC  |9 552181 
650 0 |a Actividad física  |9 362156 
650 0 |a Psicología   |9 257863 
650 0 |a Deportes  |9 224367 
650 7 |a ENTRENAMIENTO FISICO  |2 CL-VaPUC  |9 307393 
583 |a last modification  |c 20100819 00:00:00  |k Rodrigo Vera 
999 |c 342299  |d 342297 
952 |0 0  |1 0  |4 0  |6 796_312000000000000_PER_2008  |7 0  |8 C  |9 438441  |a BIBCUR  |b BIBCUR  |d 2019-11-22  |i 4709195  |o 796.312 PER 2008  |p 4709195  |r 2025-04-22  |w 2019-11-22  |y BK  |k DEN 
952 |0 0  |1 0  |4 0  |6 796_312000000000000_PER_2008  |7 0  |8 A  |9 438442  |a BIBEDU  |b BIBEDU  |d 2019-11-22  |i 4731867  |o 796.312 PER 2008  |p 4731867  |r 2019-11-22  |w 2019-11-22  |y BK  |k EFI 
952 |0 0  |1 0  |4 0  |6 796_312000000000000_PER_2008  |7 0  |8 A  |9 438443  |a BIBEDU  |b BIBEDU  |d 2019-11-22  |i 4732707  |o 796.312 PER 2008  |p 4732707  |r 2019-11-22  |w 2019-11-22  |y BK  |k EFI